A Century of Communication Studies : The Unfinished Conversation /

Con motivo del centenario de la Asociación Nacional de Comunicación fundada en Chicago en 1914, la presente obra reconstruye en once capítulos los principales momentos de desarrollo de esta disciplina en Estados Unidos, en el ámbito epistemológico, de la enseñanza, de la investigación y la incidenci...

Ful tanımlama

Kaydedildi:
Detaylı Bibliyografya
Yazar: Keith, William M. (ed.)
Diğer Yazarlar: Gehrke, Pat J. (edición) (edición)
Materyal Türü: Kitap
Dil:İngilizce
Baskı/Yayın Bilgisi: Nueva York, EUA : Routledge, 2015, c2015
Birmingham, EUA : EBSCOhost [distribución], 2015
Konular:
Online Erişim:Ver documento en línea
Etiketler: Etiketle
Etiket eklenmemiş, İlk siz ekleyin!

MARC

LEADER 00000nam^a2200000^a^4500
001 000359981
005 20251023000000.0
009 20260310115411.549
020 |a 978-0-203-36691-2 
037 |a Acervo ITESO - Biblioteca 
041 |a ING 
082 |a 302. 20980  |b KEI 
100 |a Keith, William M.  |e (ed.) 
245 1 2 |a A Century of Communication Studies :  |b The Unfinished Conversation /  |c Ed. de W.M. Keith, P.J. Gehrke. 
264 4 |a Nueva York, EUA :  |b Routledge,  |c 2015, c2015 
264 4 |a Birmingham, EUA :  |b EBSCOhost [distribución],  |c 2015 
300 |a 1 libro electrónico en línea (XI, 308 p.) 
336 |a datos para computadora  |b cod  |2 rdacontenido 
337 |a computadora  |b c  |2 rdamedio 
338 |a recurso en línea  |b cr  |2 rdasoporte 
506 1 |a 1 licencia 
520 |a Con motivo del centenario de la Asociación Nacional de Comunicación fundada en Chicago en 1914, la presente obra reconstruye en once capítulos los principales momentos de desarrollo de esta disciplina en Estados Unidos, en el ámbito epistemológico, de la enseñanza, de la investigación y la incidencia social, así como los nuevos espacios de oportunidades de cara a su futuro. 
649 |a XX 
650 |a Comunicación -  |z EUA -  |x Investigación 
650 |a Comunicación -  |z EUA -  |x Estudio y Enseñanza -  |x Tema Principal 
650 |a Comunicación -  |z EUA -  |x Historia -  |x Tema Principal 
700 |a Gehrke, Pat J.  |e (edición) 
856 4 0 |u https://ezproxy.iteso.mx/login?url=https://search.ebscohost.com/login.aspx?direct=true&scope=site&db=nlebk&db=nlabk&AN=923617  |y Ver documento en línea 
910 |a Fondo General 
920 |a Electrónicos - Libros en Línea 
930 |a Plataforma Digital 
905 |a 205 
901 |a 359981  |b IT2  |c EBO  |i C892  |u 20250521 
902 |a https://opac.biblio.iteso.mx/vufind/Record/000359981